Roma republicana: estrategias, expansión y dominios, 525-31 a.C

Bewaard in:
Bibliografische gegevens
Hoofdauteur: Buono-Core Varas, Raúl Andrés
Formaat: Boek
Taal:Spaans
Gepubliceerd in: Valparaíso, Chile Universidad Católica de Valparaíso 2003
Editie:Segunda edición
Reeks:Serie Monografías Históricas. 14
Onderwerpen:
Tags: Voeg label toe
Geen labels, Wees de eerste die dit record labelt!

MARC

LEADER 00000nam a2200000 a 4500
001 UCL3540
003 CL-VaPUC
005 20201027001214.0
008 031128e20030000CL |||||||||||||||||spa|d
999 |c 306565  |d 306563 
020 |a 9561703270 
040 |c Pontificia Universidad Católica de Valparaíso 
082 0 4 |a 937.02 BUO 2003  |2 21 
100 0 |a Buono-Core Varas, Raúl Andrés  |9 480852 
245 1 0 |a Roma republicana: estrategias, expansión y dominios, 525-31 a.C 
250 |a Segunda edición 
260 0 3 |a Valparaíso, Chile  |b Universidad Católica de Valparaíso  |c 2003 
300 |a 344 páginas 
490 0 |a Serie Monografías Históricas.  |v 14 
583 |a last modification  |c 20031128 00:00:00  |k Rodrigo Vera 
650 0 |a Historia de Roma   |9 315349 
650 0 |a Historia antigua  |9 267521 
650 7 |a EXPANSIONISMO  |2 CL-VaPUC  |9 452749 
942 |c BK  |2 ddc 
945 |d 20031128 00:00:00  |a cmena 
952 |0 0  |1 0  |2 ddc  |4 0  |6 937_020000000000000_BUO_2003  |7 0  |8 A  |9 371670  |a BIBHIS  |b BIBHIS  |d 2019-11-21  |i 3968650  |l 2  |m 2  |o 937.02 BUO 2003  |p 3968650  |r 2025-01-20  |s 2023-04-25  |t 1  |w 2019-11-21  |y BK  |k HIS 
952 |0 0  |1 0  |2 ddc  |4 0  |6 937_020000000000000_BUO_2003  |7 0  |8 A  |9 371671  |a BIBHIS  |b BIBHIS  |d 2019-11-21  |i 3968669  |l 3  |m 2  |o 937.02 BUO 2003  |p 3968669  |r 2025-01-20  |s 2024-11-18  |t 2  |w 2019-11-21  |y BK  |k HIS